[Event "GER-ch Seniors 23rd"]
[Site "Halle"]
[Date "2011.08.13"]
[Round "9"]
[White "Ulrich, Gert"]
[Black "Flockerzi, Armin"]
[Result "0-1"]
[WhiteElo "1738"]
[BlackElo "1898"]
[PlyCount "58"]
[EventDate "2011.08.05"]
[EventType "swiss"]
[EventRounds "9"]
[EventCountry "GER"]
[SourceTitle "CBM 144 Extra"]
[Source "ChessBase"]
[SourceDate "2011.10.28"]
[SourceVersion "1"]
[SourceVersionDate "2011.10.28"]
[SourceQuality "1"]

1. d4 d5 2. c4 c6 3. cxd5 Qxd5 4. Nc3 Qa5 5. Nf3 Nd7 6. e3 e6 7. Bd3 Ngf6 8. 0-0 Be7 9. a3 0-0 10. Bd2 Qc7 11. b4 b6 12. Rc1 Bb7 13. Ne2 a6 14. Ng3 Rad8 15. Qe2 Ra8 16. Ne1 Rfe8 17. f4 Bf8 18. Nf3 Bd6 19. Ne5 Nf8 20. Nh5 Bxe5 21. fxe5 Nxh5 22. Qxh5 g6 23. Qh6 Qd7 24. Be1 Re7 25. Bh4 f6 26. Bxf6 Rf7 27. h4 Qd5 28. h5 c5 29. hxg6 Qxg2# 0-1

[Event "Potsdam Christmas 34th"]
[Site "Potsdam"]
[Date "2010.01.01"]
[Round "7.25"]
[White "Heinrich, Daniela"]
[Black "Ulrich, Gert"]
[Result "1/2-1/2"]
[WhiteElo "1421"]
[BlackElo "1753"]
[PlyCount "36"]
[EventDate "2009.12.27"]
[EventType "swiss"]
[EventRounds "7"]
[EventCountry "GER"]
[SourceTitle "EXT 2022"]
[Source "ChessBase"]
[SourceDate "2021.10.06"]
[SourceVersion "1"]
[SourceVersionDate "2021.10.06"]
[SourceQuality "1"]

1. e4 c5 2. Nc3 e6 3. f4 a6 4. Nf3 Nc6 5. b3 Nge7 6. d4 cxd4 7. Nxd4 Nxd4 8. Qxd4 Nc6 9. Qf2 Bb4 10. Bd2 0-0 11. Nd1 Be7 12. Bd3 d5 13. Nb2 dxe4 14. Bxe4 Bf6 15. 0-0-0 Qc7 16. g4 Bd7 17. Nc4 b5 18. Qb6 Ra7 1/2-1/2

[Event "Brandenburg-ch Seniors 18th"]
[Site "Rowy"]
[Date "2009.06.28"]
[Round "7"]
[White "Ulrich, Gert"]
[Black "Peter, Volkhard"]
[Result "0-1"]
[WhiteElo "1540"]
[BlackElo "1648"]
[PlyCount "66"]
[EventDate "2009.06.22"]
[EventType "swiss"]
[EventRounds "9"]
[EventCountry "POL"]
[SourceTitle "EXT 2022"]
[Source "ChessBase"]
[SourceDate "2021.10.06"]
[SourceVersion "1"]
[SourceVersionDate "2021.10.06"]
[SourceQuality "1"]

1. d4 d5 2. c4 e5 3. e4 dxe4 4. d5 Nf6 5. Bg5 Bf5 6. Qb3 b6 7. Nc3 Nbd7 8. f3 Nc5 9. Qd1 Nd3+ 10. Bxd3 exd3 11. Ne4 Bb4+ 12. Kf1 Be7 13. Bxf6 Bxf6 14. Qxd3 Bg6 15. Ne2 Be7 16. Qc3 f6 17. g4 Qd7 18. N2g3 0-0 19. Ke2 a5 20. h4 Bb4 21. Qc1 Be7 22. h5 Bxe4 23. Nxe4 f5 24. Nf2 h6 25. Qc3 Rae8 26. Rag1 Bf6 27. Kf1 e4 28. Qe3 Bxb2 29. gxf5 Rxf5 30. Qxh6 Rxf3 31. Ke2 Qa4 32. Nxe4 Qxc4+ 33. Kxf3 Qxe4+ 0-1

[Event "Brandenburg-ch Seniors 18th"]
[Site "Rowy"]
[Date "2009.06.26"]
[Round "5"]
[White "Ulrich, Gert"]
[Black "Rehder, Frank"]
[Result "1/2-1/2"]
[WhiteElo "1540"]
[BlackElo "1724"]
[PlyCount "83"]
[EventDate "2009.06.22"]
[EventType "swiss"]
[EventRounds "9"]
[EventCountry "POL"]
[SourceTitle "EXT 2022"]
[Source "ChessBase"]
[SourceDate "2021.10.06"]
[SourceVersion "1"]
[SourceVersionDate "2021.10.06"]
[SourceQuality "1"]

1. d4 d5 2. c4 e6 3. Nf3 Be7 4. Nc3 c6 5. cxd5 exd5 6. Bf4 Nf6 7. e3 Bg4 8. h3 Bh5 9. Bd3 Nbd7 10. 0-0 0-0 11. g4 Bg6 12. Kg2 Ne4 13. Qc2 Ndf6 14. Ne5 Nxc3 15. Nxg6 hxg6 16. Qxc3 Bd6 17. Bg5 Qd7 18. Bxf6 gxf6 19. f4 Rae8 20. Rf3 Kg7 21. Rh1 Rh8 22. Qe1 b6 23. Qg3 c5 24. dxc5 Bxc5 25. f5 Bd6 26. Qf2 g5 27. Rc1 Bb8 28. Qd2 Qd6 29. Kg1 Rh4 30. Bf1 Qe5 31. Kf2 Bd6 32. Qd4 Bc5 33. Qxe5 Rxe5 34. Rd1 Rh8 35. Rd3 Rhe8 36. Bg2 a5 37. b3 d4 38. exd4 Re2+ 39. Kg1 Bb4 40. Rf2 Re1+ 41. Rf1 R1e2 42. Rf2 1/2-1/2

[Event "Leipzig VfB op 16th"]
[Site "Leipzig"]
[Date "2009.04.03"]
[Round "6"]
[White "Schumer, Arik"]
[Black "Ulrich, Gert"]
[Result "0-1"]
[WhiteElo "1318"]
[BlackElo "1779"]
[PlyCount "32"]
[EventDate "2009.03.31"]
[EventType "swiss"]
[EventRounds "9"]
[EventCountry "GER"]
[SourceTitle "EXT 2010"]
[Source "ChessBase"]
[SourceDate "2010.11.25"]
[SourceVersion "1"]
[SourceVersionDate "2010.11.25"]
[SourceQuality "1"]

1. Nf3 d5 2. d4 c5 3. c3 Nc6 4. dxc5 a5 5. Nbd2 e5 6. Qa4 Bd7 7. Qb3 Nf6 8. Qxb7 Bxc5 9. e3 0-0 10. Qb5 Ba7 11. c4 Nb4 12. Qb7 Bc6 13. Qxa8 Qxa8 14. Kd1 Ng4 15. Ke2 d4 16. exd4 exd4 0-1

[Event "Leipzig VfB op 16th"]
[Site "Leipzig"]
[Date "2009.04.02"]
[Round "5"]
[White "Ulrich, Gert"]
[Black "Nerlich, Vincent"]
[Result "0-1"]
[WhiteElo "1779"]
[BlackElo "1928"]
[PlyCount "74"]
[EventDate "2009.03.31"]
[EventType "swiss"]
[EventRounds "9"]
[EventCountry "GER"]
[SourceTitle "EXT 2010"]
[Source "ChessBase"]
[SourceDate "2010.11.25"]
[SourceVersion "1"]
[SourceVersionDate "2010.11.25"]
[SourceQuality "1"]

1. d4 g6 2. e4 Bg7 3. Be3 d6 4. Be2 Nd7 5. c3 a6 6. Na3 Ngf6 7. f3 0-0 8. Nc2 b6 9. Qd2 c5 10. d5 Bb7 11. g4 Ne8 12. h4 b5 13. h5 Ne5 14. hxg6 fxg6 15. Bh6 Rf7 16. f4 Nc4 17. Bxc4 bxc4 18. Nf3 Bf6 19. e5 dxe5 20. fxe5 Qxd5 21. Qxd5 Bxd5 22. Rf1 Bxf3 23. Rxf3 Bxe5 24. Rxf7 Kxf7 25. Be3 Rc8 26. Rd1 Bd6 27. Ke2 Nf6 28. Kf3 Rb8 29. Bc1 h5 30. gxh5 Nxh5 31. Ne3 Rf8 32. Nxc4 Ke6+ 33. Kg4 Rf2 34. Re1+ Kf7 35. Rd1 Bf4 36. a3 Bxc1 37. Rxc1 Rf4+ 0-1

[Event "Leipzig VfB op 16th"]
[Site "Leipzig"]
[Date "2009.04.01"]
[Round "2"]
[White "Urban, Thomas"]
[Black "Ulrich, Gert"]
[Result "1/2-1/2"]
[WhiteElo "1180"]
[BlackElo "1779"]
[PlyCount "53"]
[EventDate "2009.03.31"]
[EventType "swiss"]
[EventRounds "9"]
[EventCountry "GER"]
[SourceTitle "EXT 2010"]
[Source "ChessBase"]
[SourceDate "2010.11.25"]
[SourceVersion "1"]
[SourceVersionDate "2010.11.25"]
[SourceQuality "1"]

1. e4 c5 2. Nf3 e6 3. Nc3 a6 4. d4 cxd4 5. Nxd4 b5 6. Be2 Bb7 7. f3 Bc5 8. Be3 Qb6 9. Qd2 Ne7 10. Nd1 0-0 11. c3 d5 12. e5 Ng6 13. b4 Bxd4 14. cxd4 Nc6 15. Rc1 Rac8 16. 0-0 Nce7 17. Rc5 Nf5 18. Bf2 Qd8 19. Nb2 Rxc5 20. bxc5 f6 21. f4 fxe5 22. fxe5 Nge7 23. Bg4 Nc6 24. Bxf5 Rxf5 25. Be3 Rxf1+ 26. Kxf1 Qf8+ 27. Qf2 1/2-1/2

[Event "Mecklenburg VP-ch Seniors op 06th"]
[Site "Plau am See"]
[Date "2006.10.08"]
[Round "5"]
[White "Klose, Hans Peter"]
[Black "Ulrich, Gert"]
[Result "1/2-1/2"]
[WhiteElo "1429"]
[BlackElo "1524"]
[PlyCount "23"]
[EventDate "2006.10.04"]
[EventType "swiss"]
[EventRounds "9"]
[EventCountry "GER"]
[SourceTitle "EXT 2022"]
[Source "ChessBase"]
[SourceDate "2021.10.06"]
[SourceVersion "1"]
[SourceVersionDate "2021.10.06"]
[SourceQuality "1"]

1. d4 f5 2. Nf3 Nf6 3. Bf4 g6 4. e3 Bg7 5. Be2 d6 6. Nbd2 0-0 7. 0-0 h6 8. h3 Be6 9. Bc4 Bf7 10. Bxf7+ Rxf7 11. c3 c6 12. Bh2 1/2-1/2

[Event "Mecklenburg VP-ch Seniors op 06th"]
[Site "Plau am See"]
[Date "2006.10.06"]
[Round "3"]
[White "Hentzschel, Erhard"]
[Black "Ulrich, Gert"]
[Result "1-0"]
[WhiteElo "1756"]
[BlackElo "1524"]
[PlyCount "99"]
[EventDate "2006.10.04"]
[EventType "swiss"]
[EventRounds "9"]
[EventCountry "GER"]
[SourceTitle "EXT 2022"]
[Source "ChessBase"]
[SourceDate "2021.10.06"]
[SourceVersion "1"]
[SourceVersionDate "2021.10.06"]
[SourceQuality "1"]

1. e4 c5 2. f4 e6 3. Nf3 d5 4. Bb5+ Nc6 5. exd5 exd5 6. 0-0 Bd6 7. Ne5 Nge7 8. Nc3 0-0 9. Bxc6 bxc6 10. d3 Qc7 11. Qh5 Bf5 12. Bd2 g6 13. Qh4 Rab8 14. b3 Be6 15. g4 f5 16. Rae1 fxg4 17. Nxg4 Bxg4 18. Qxg4 Nf5 19. Ne2 Rbe8 20. Ng3 Rxe1 21. Rxe1 Qg7 22. c3 Qf6 23. Nxf5 Qxf5 24. Qxf5 Rxf5 25. Re6 Bxf4 26. Bxf4 Rxf4 27. Kg2 c4 28. dxc4 dxc4 29. Rxc6 cxb3 30. axb3 Rf7 31. b4 Rb7 32. Kf3 Kf7 33. Ke4 Ke7 34. Kd4 Kd7 35. Ra6 Kc7 36. Rf6 Kb8 37. Kc4 Re7 38. b5 Re4+ 39. Kc5 Re7 40. c4 Rg7 41. Kd6 g5 42. Rf8+ Kb7 43. c5 Rg6+ 44. Kd5 Rg7 45. c6+ Kc7 46. Ra8 Kb6 47. Rb8+ Ka5 48. Rb7 Rg8 49. c7 Rc8 50. Kc6 1-0

[Event "Rowy Jantar op"]
[Site "Rowy"]
[Date "2005.06.29"]
[Round "9"]
[White "Joch, Horst"]
[Black "Ulrich, Gert"]
[Result "1-0"]
[WhiteElo "1539"]
[BlackElo "1490"]
[PlyCount "77"]
[EventDate "2005.06.20"]
[EventType "swiss"]
[EventRounds "9"]
[EventCountry "POL"]
[SourceTitle "EXT 2007"]
[Source "ChessBase"]
[SourceDate "2006.11.23"]
[SourceVersion "1"]
[SourceVersionDate "2006.11.23"]
[SourceQuality "1"]

1. e4 c5 2. Nf3 e6 3. d4 cxd4 4. Nxd4 a6 5. Be3 Nf6 6. f3 Qc7 7. c3 Bc5 8. Nd2 0-0 9. N2b3 Ba7 10. Be2 d6 11. 0-0 Nbd7 12. Bf2 b5 13. a4 bxa4 14. Rxa4 Bb6 15. Nb5 Bxf2+ 16. Rxf2 Qb8 17. Nxd6 Nb6 18. Rd4 e5 19. Rd2 Be6 20. Nc5 a5 21. Nxe6 fxe6 22. Nc4 Nh5 23. g3 Rf6 24. Kh1 Rh6 25. Rg2 Qc7 26. Nxb6 Qxb6 27. Bf1 Rf8 28. Rd6 Qe3 29. Rd3 Qg5 30. Qe1 Rhf6 31. Be2 Rg6 32. Qg1 Rb8 33. f4 exf4 34. Bxh5 Qxh5 35. gxf4 Rxg2 36. Qxg2 Qf7 37. Qd2 Qc7 38. Rd6 Qb7 39. Rd8+ 1-0

[Event "Rowy Jantar op"]
[Site "Rowy"]
[Date "2005.06.24"]
[Round "4"]
[White "Ulrich, Gert"]
[Black "Lampe, Ursula"]
[Result "1-0"]
[WhiteElo "1490"]
[BlackElo "1362"]
[PlyCount "73"]
[EventDate "2005.06.20"]
[EventType "swiss"]
[EventRounds "9"]
[EventCountry "POL"]
[SourceTitle "EXT 2007"]
[Source "ChessBase"]
[SourceDate "2006.11.23"]
[SourceVersion "1"]
[SourceVersionDate "2006.11.23"]
[SourceQuality "1"]

1. d4 d5 2. c4 e6 3. a3 Nf6 4. Bg5 Be7 5. Bxf6 Bxf6 6. e3 0-0 7. Nf3 b6 8. cxd5 exd5 9. Nc3 Re8 10. Bd3 c5 11. 0-0 Ba6 12. Rc1 Bxd3 13. Qxd3 c4 14. Qf5 Nc6 15. Nxd5 Re6 16. Rxc4 g6 17. Nxf6+ Rxf6 18. Qg5 Kg7 19. b4 h6 20. Qg3 Qd5 21. Rfc1 Qe4 22. h3 Ne7 23. Qe5 Qxe5 24. Nxe5 Nd5 25. Rc8 Rxc8 26. Rxc8 Re6 27. Ra8 f6 28. Rxa7+ Re7 29. Rxe7+ Nxe7 30. Nc4 b5 31. Nd6 Nd5 32. Nxb5 Nb6 33. Kf1 Kf7 34. Ke2 Ke6 35. Kd3 Kd5 36. Nc3+ Kc6 37. a4 1-0